Perspectiva estratégica para la reingeniería de la vinculación empresa-universidad (Registro nro. 32288)
[ vista simple ]
| 000 -LEADER | |
|---|---|
| fixed length control field | 00408 a2200109 4500 |
| 001 - CONTROL NUMBER | |
| control field | ART_39660 |
| 005 - DATE AND TIME OF LATEST TRANSACTION | |
| control field | 20260410162012.0 |
| 008 - FIXED-LENGTH DATA ELEMENTS--GENERAL INFORMATION | |
| fixed length control field | 260409a |
| 100 1# - MAIN ENTRY--PERSONAL NAME | |
| Personal name | Narvaez, Jorge L. |
| 245 10 - TITLE STATEMENT | |
| Title | Perspectiva estratégica para la reingeniería de la vinculación empresa-universidad |
| 773 0# - HOST ITEM ENTRY | |
| Title | Propuestas para la sociedad, el gobierno y la producción |
| Related parts | - Año 5, Nº 9 (nov. 2001) |
| Record control number | REV39547 |
No hay ítems disponibles.